| 000 | 00504nam a2200193Ia 4500 | ||
|---|---|---|---|
| 003 | GCL | ||
| 008 | 140319s9999 xx 000 0 eng d | ||
| 040 |
_aGCL / _cGCL |
||
| 082 | 0 | 4 |
_a302.230973 _bH I |
| 100 | 1 | _aHIEBERT, RAY E. | |
| 245 | 1 | 0 |
_aIMPACT OF MASS MEDIA: CURRENT ISSUSE 3RD ED. / _cHIEBERT, RAY E. |
| 700 | 1 | _aREUSS, CAROL | |
| 260 |
_a[S.N] : _bLONGMAN ، _c1994 |
||
| 300 | _a472 P | ||
| 650 | 0 | 4 | _aMASS MEDIA |
| 650 | 0 | 4 | _aUNITED STATES |
| 650 | 0 | 4 | _aSOCIAL ASPECTS |
| 942 |
_2ddc _cBK |
||
| 999 |
_c23922 _d23922 |
||